[Event "AUTO-OPEN-4574"]
[Site "http://www.queenalice.com/game.php?id=1863067"]
[Date "2025.9.15"]
[Round "3"]
[White "guss"]
[Black "beteljeuxe"]
[Result "1/2-1/2"]
[WhiteElo "2590"]
[BlackElo "2557"]

1. e4 e5 2. Nf3 Nc6 3. Bc4 Bc5 4. O-O Nf6 5. d3 d6 6. Nc3 Na5 7. Bg5 Nxc4 8.
dxc4 h6 9. Bxf6 Qxf6 10. Nd5 Qd8 11. b4 Bb6 12. Qd3 O-O 13. Rfd1 Be6 14. a4 f5
15. c5 dxc5 16. Qe3 Qe8 17. bxc5 Ba5 18. Nxe5 fxe4 19. Qxe4 Bf5 20. Qd4 Rd8 21.
c6 Bb6 22. Qc3 Bxf2+ 23. Kxf2 Be6+ 24. Kg1 Bxd5 25. cxb7 Bxb7 26. Qxc7 Bd5 27.
Re1 Qh5 28. Qc3 Rde8 29. Qd4 Ba8 30. Rab1 Rf5 31. Ng4 Ref8 1/2-1/2

[Event "AUTO-MASTER-3253"]
[Site "http://www.queenalice.com/game.php?id=1865938"]
[Date "2025.11.21"]
[Round "2"]
[White "Arnoldus"]
[Black "beteljeuxe"]
[Result "1/2-1/2"]
[WhiteElo "2230"]
[BlackElo "2562"]

1. d4 Nf6 2. c4 e6 3. Nf3 d5 4. Nc3 c6 5. Bg5 h6 6. Bxf6 Qxf6 7. e3 Nd7 8. Be2
g6 9. e4 dxe4 10. Nxe4 Qg7 11. c5 Be7 12. O-O O-O 13. Bc4 e5 14. d5 Kh7 15. dxc6
bxc6 16. Qa4 f5 17. Nd6 Rb8 18. Qxc6 e4 19. Nxc8 Bxc5 20. Be6 Rbxc8 21. Qxd7
Qxd7 22. Bxd7 Rc7 23. Ne5 Bd6 24. Nxg6 Kxg6 25. Ba4 Rb8 26. Bb3 a5 27. Rfd1 Bc5
28. Rac1 1/2-1/2

[Event "AUTO-MASTER-3253"]
[Site "http://www.queenalice.com/game.php?id=1865942"]
[Date "2025.11.21"]
[Round "2"]
[White "ricardoaurelio"]
[Black "beteljeuxe"]
[Result "0-1"]
[WhiteElo "1995"]
[BlackElo "2553"]

1. e4 e5 2. Nf3 Nc6 3. Bc4 Bc5 4. Nc3 Nf6 5. d3 d6 6. h3 Na5 7. Bb3 Nxb3 8. axb3
a6 9. Bd2 O-O 10. O-O h6 11. Qe1 Re8 12. Nd5 Nxd5 13. exd5 Bf5 14. Be3 e4 15.
dxe4 Bxe4 16. c4 Bd3 17. Qd2 Bxf1 18. Kxf1 Bxe3 19. fxe3 Re4 20. Re1 Qe7 21. Qd3
Re8 22. Kf2 c6 23. dxc6 bxc6 24. b4 d5 25. cxd5 cxd5 26. b5 axb5 27. Qxd5 Rxe3
28. Qd2 Rxf3+ 29. gxf3 Qh4+ 30. Kg1 Qxe1+ 0-1

[Event "AUTO-MASTER-3253"]
[Site "http://www.queenalice.com/game.php?id=1865943"]
[Date "2025.11.21"]
[Round "2"]
[White "beteljeuxe"]
[Black "ricardoaurelio"]
[Result "1-0"]
[WhiteElo "2554"]
[BlackElo "2010"]

1. e4 e5 2. Nf3 Nc6 3. Bb5 d6 4. d4 Bd7 5. d5 a6 6. dxc6 axb5 7. cxd7+ Qxd7 8.
O-O Nf6 9. Re1 Be7 10. Bg5 d5 11. Nxe5 Qe6 12. exd5 Qb6 13. Nd3 h6 14. Be3 Qd6
15. Bc5 Qxd5 16. Bxe7 Ne4 17. Nc3 Nxc3 18. bxc3 Kd7 19. Ne5+ 1-0

[Event "AUTO-MASTER-3253"]
[Site "http://www.queenalice.com/game.php?id=1865944"]
[Date "2025.11.21"]
[Round "2"]
[White "Zeca1955"]
[Black "beteljeuxe"]
[Result "0-1"]
[WhiteElo "1875"]
[BlackElo "2546"]

1. e4 e5 2. Nf3 Nc6 3. c3 Nf6 4. Bd3 d5 5. exd5 Qxd5 6. Qe2 Be6 7. Bb5 O-O-O 8.
Bxc6 Qxc6 9. Qxe5 Ng4 10. Qa5 Qe4+ 11. Kf1 Bc4+ 12. Kg1 Qe2 0-1

[Event "AUTO-MASTER-3253"]
[Site "http://www.queenalice.com/game.php?id=1865945"]
[Date "2025.11.21"]
[Round "2"]
[White "beteljeuxe"]
[Black "Zeca1955"]
[Result "1-0"]
[WhiteElo "2547"]
[BlackElo "1836"]

1. e4 e5 2. Nf3 d6 3. d4 Nc6 4. dxe5 dxe5 5. Qxd8+ Nxd8 6. Nxe5 Bc5 7. Bd2 Nf6
8. f3 O-O 9. Nd3 Bb6 10. a4 a5 11. Na3 Be6 12. Nf4 Nc6 13. Nxe6 fxe6 14. Nc4 Bc5
15. c3 1-0

[Event "AUTO-MASTER-3255"]
[Site "http://www.queenalice.com/game.php?id=1866411"]
[Date "2025.12.1"]
[Round "2"]
[White "cerenzo72"]
[Black "beteljeuxe"]
[Result "0-1"]
[WhiteElo "2149"]
[BlackElo "2555"]

1. c4 Nf6 2. Nc3 g6 3. e4 d6 4. d4 Bg7 5. Nf3 O-O 6. Be2 e5 7. O-O Nc6 8. d5 Ne7
9. b4 Nh5 10. Re1 f5 11. Ng5 Nf6 12. Bf3 c6 13. Be3 h6 14. Ne6 Bxe6 15. dxe6
fxe4 16. Nxe4 Nxe4 17. Bxe4 d5 18. cxd5 cxd5 19. Bc2 b6 20. Qd2 Kh7 21. f4 e4
22. Rad1 Qc8 23. Bb3 Bc3 24. Qf2 Bxe1 25. Qxe1 Qxe6 26. Qh4 Nf5 27. Qh3 Rad8 28.
Qg4 Qe7 29. Bd4 Nxd4 30. Rxd4 Qf6 31. Bxd5 Qxd4+ 0-1

[Event "AUTO-MASTER-3255"]
[Site "http://www.queenalice.com/game.php?id=1866412"]
[Date "2025.12.1"]
[Round "2"]
[White "beteljeuxe"]
[Black "cerenzo72"]
[Result "1-0"]
[WhiteElo "2556"]
[BlackElo "2154"]

1. e4 e5 2. Nf3 d6 3. d4 exd4 4. Nxd4 Nf6 5. Nc3 Be7 6. Bf4 O-O 7. Qd2 Nc6 8.
O-O-O Nxd4 9. Qxd4 b6 10. f3 c5 11. Qd2 Bb7 12. Bxd6 Bxd6 13. Qxd6 Qxd6 14. Rxd6
Rfd8 15. Rd2 Rxd2 16. Kxd2 Rd8+ 17. Ke3 g6 18. Bb5 a6 19. Be2 b5 20. a4 b4 21.
Rd1 Rxd1 22. Nxd1 Kg7 23. Nf2 h5 24. a5 Nd7 25. g3 Nb8 26. Nd3 Nd7 27. Bf1 Bc6
28. Bh3 Nb8 29. Nxc5 Kf6 30. Bf1 Bb5 31. Bxb5 axb5 32. a6 Nc6 33. Nd3 Ke6 34.
Nxb4 1-0

[Event "AUTO-OPEN-4581"]
[Site "http://www.queenalice.com/game.php?id=1866481"]
[Date "2025.12.3"]
[Round "3"]
[White "alvm"]
[Black "beteljeuxe"]
[Result "0-1"]
[WhiteElo "2163"]
[BlackElo "2558"]

1. d4 Nf6 2. c4 e6 3. Nf3 d5 4. Bg5 Be7 5. e3 O-O 6. Nc3 h6 7. Bxf6 Bxf6 8. Rc1
c6 9. cxd5 exd5 10. Bd3 Be6 11. O-O Nd7 12. Bb1 Re8 13. Qd3 g6 14. g3 Nb6 15. h4
Bf5 16. Qd2 Nc4 17. Qe2 Bg4 18. b3 Na3 19. Kg2 Nxb1 20. Rxb1 Bxd4 21. Qd3 Bxf3+
22. Kxf3 Qf6+ 23. Kg2 Bxc3 24. h5 Bb4 25. hxg6 Qxg6 26. Qd4 Bf8 27. Rh1 Qe4+ 28.
Qxe4 Rxe4 29. Rh5 Rae8 30. Rbh1 Bg7 31. Re1 d4 0-1